[Event "XX C.to NATO"]
[Site "Hammelburg GER"]
[Date "2009.06.16"]
[Round "3"]
[White "Gerardi, Saverio"]
[Black "Schenk, Andreas"]
[Result "0-1"]
[WhiteElo "2187"]
[BlackElo "2507"]
[PlyCount "88"]
[EventDate "2009.06.15"]

1. e4 c5 2. Nf3 d6 3. d4 cxd4 4. Nxd4 Nf6 5. Nc3 a6 6. f3 e6 7. Be3 b5 8. Qd2
Nbd7 9. O-O-O Bb7 10. g4 Nb6 11. e5 Nfd5 12. exd6 Bxd6 13. Bg5 Qc7 14. Ne4 Bb4
15. c3 Rc8 16. Kb1 Be7 17. Bxb5+ axb5 18. Nxb5 Qe5 19. Bxe7 Kxe7 20. Ned6 Nc4
21. Qd4 Qe2 22. Nxc4 Qxc4 23. Qxc4 Rxc4 24. Rhe1 Rb8 25. Nd4 g6 26. Kc2 Nb4+
27. Kb1 Nc6 28. Nxc6+ Bxc6 29. Re3 Rf4 30. Rf1 f5 31. gxf5 Rxf5 32. Rfe1 Bd5
33. b3 Rb6 34. Kc2 Bxf3 35. a4 Bg4 36. h3 Rf2+ 37. Kd3 Bf5+ 38. Kc4 Rf4+ 39.
Kc5 Rxb3 40. c4 Rb8 41. Rc1 Be4 42. Rce1 Rc8+ 43. Kb5 Bc6+ 44. Kb6 Bd7 0-1

[Event "XX C.to NATO"]
[Site "Hammelburg GER"]
[Date "2009.06.17"]
[Round "4"]
[White "Cuadrado Lopez, Francisco Javier"]
[Black "Benedetti, Fabrizio"]
[Result "0-1"]
[WhiteElo "1941"]
[BlackElo "2191"]
[PlyCount "106"]
[EventDate "2009.06.15"]

1. e4 c5 2. Nf3 Nc6 3. d4 cxd4 4. Nxd4 Nf6 5. Nc3 Qc7 6. Be3 a6 7. f4 d6 8. Be2
e6 9. Bf3 Be7 10. O-O O-O 11. Qe1 Bd7 12. Qg3 Rac8 13. Nxc6 Bxc6 14. f5 Kh8 15.
Qh3 exf5 16. exf5 b5 17. a3 a5 18. g4 b4 19. axb4 axb4 20. Ra7 Qd8 21. Na2 Bxf3
22. Qxf3 b3 23. cxb3 Nd7 24. Qb7 Bg5 25. Bf2 Nc5 26. Qd5 Ra8 27. Rxa8 Qxa8 28.
Qxd6 Ne4 29. Qa3 Nxf2 30. Kxf2 Qb8 31. Kg2 Rd8 32. b4 Rd2+ 33. Rf2 Rxf2+ 34.
Kxf2 Qxh2+ 35. Kf1 Qh1+ 36. Kf2 Qh2+ 37. Kf1 Qf4+ 38. Ke1 Bh4+ 39. Ke2 Qxg4+
40. Qf3 Qc4+ 41. Qd3 Qxa2 42. Qc3 Qa6+ 43. Kd2 h6 44. Qc5 Bg5+ 45. Kc3 Qe2 46.
Qf8+ Kh7 47. Qxf7 Bf6+ 48. Kb3 Qxb2+ 49. Ka4 Qc2+ 50. Ka5 Qxf5+ 51. Ka6 Qc8+
52. Kb5 Bc3 53. Qf5+ Qxf5+ 0-1

[Event "XX C.to NATO"]
[Site "Hammelburg GER"]
[Date "2009.06.17"]
[Round "4"]
[White "Donati, Roberto"]
[Black "Demjen, Attila"]
[Result "0-1"]
[WhiteElo "2149"]
[BlackElo "2046"]
[PlyCount "79"]
[EventDate "2009.06.15"]

1. d4 c6 2. Nf3 g6 3. b3 Bg7 4. Bb2 Nf6 5. e3 d5 6. Be2 O-O 7. O-O Bg4 8. Nbd2
Nbd7 9. c4 Ne4 10. Nxe4 dxe4 11. Nd2 Bxe2 12. Qxe2 f5 13. f3 exf3 14. Nxf3 e5
15. dxe5 Re8 16. Rad1 Qc7 17. e6 Rxe6 18. Bxg7 Kxg7 19. Qb2+ Kg8 20. Qd4 Nf6
21. Ng5 Ng4 22. Qf4 Qxf4 23. exf4 Re2 24. Rd7 Rae8 25. h3 Ne3 26. Nxh7 Re6 27.
Ng5 Rxg2+ 28. Kh1 Rxg5 29. fxg5 Nxf1 30. Rxb7 Ng3+ 31. Kg2 Re3 32. Rxa7 Ne4 33.
h4 Rg3+ 34. Kh2 Rg4 35. Ra6 f4 36. Rxc6 Kf7 37. b4 f3 38. b5 f2 39. Rf6+ Nxf6
40. gxf6 0-1

[Event "XX C.to NATO"]
[Site "Hammelburg GER"]
[Date "2009.06.17"]
[Round "4"]
[White "Kilic, Mehmet"]
[Black "Gerardi, Saverio"]
[Result "1/2-1/2"]
[WhiteElo "2096"]
[BlackElo "2187"]
[PlyCount "104"]
[EventDate "2009.06.15"]

1. e4 c5 2. Nf3 e6 3. d4 cxd4 4. Nxd4 a6 5. g3 Qc7 6. Bg2 b5 7. O-O Bb7 8. a4
b4 9. Be3 Nf6 10. Qd3 d5 11. Nd2 Nbd7 12. exd5 Bxd5 13. Rad1 Be7 14. Nf5 Bxg2
15. Nxg7+ Kf8 16. Bh6 Bxf1 17. Qf3 Kg8 18. Qxa8+ Nb8 19. Nxf1 Bf8 20. Nf5 exf5
21. Bf4 Qxc2 22. Rd2 Qc8 23. Qxb8 Qxb8 24. Bxb8 Kg7 25. Ne3 Kg6 26. Be5 Bc5 27.
Rc2 Bxe3 28. Rc6 Bg5 29. h4 Re8 30. f4 Re6 31. Rxe6 fxe6 32. fxg5 Nd5 33. Kf2
Nb6 34. b3 Nd5 35. Ke2 Kh5 36. Kd3 Kg4 37. Kc4 Ne7 38. Bd6 Ng6 39. Kxb4 e5 40.
Kc3 f4 41. gxf4 exf4 42. b4 f3 43. Kd2 Nxh4 44. b5 axb5 45. axb5 f2 46. Ke2 Nf5
47. Be5 Kxg5 48. Kxf2 Ne7 49. Ke3 Kf5 50. Kd4 Ke6 51. Kc5 Nd5 52. Bg3 Nc3
1/2-1/2

[Event "XX C.to NATO"]
[Site "Hammelburg GER"]
[Date "2009.06.18"]
[Round "5"]
[White "Gerardi, Saverio"]
[Black "Eriksson, Christian"]
[Result "1-0"]
[WhiteElo "2187"]
[BlackElo "2122"]
[PlyCount "95"]
[EventDate "2009.06.15"]

1. e4 c5 2. Nf3 Nc6 3. d4 cxd4 4. Nxd4 Nf6 5. Nc3 e5 6. Ndb5 d6 7. Bg5 a6 8.
Na3 b5 9. Nd5 Be7 10. Nxe7 Nxe7 11. Bd3 Bb7 12. Qf3 Nd7 13. Rd1 f6 14. Bd2 Nc5
15. Bb4 Qb6 16. Qg4 O-O 17. O-O Rad8 18. Rfe1 Bc8 19. Qg3 Ng6 20. c4 Nf4 21.
Bxc5 dxc5 22. cxb5 axb5 23. Bxb5 Be6 24. Rxd8 Rxd8 25. Qc3 Rd4 26. g3 Nh3+ 27.
Kg2 Ng5 28. f3 Bh3+ 29. Kf2 c4 30. Re3 Be6 31. Bxc4 Kf7 32. h4 Nh3+ 33. Kg2 Rd1
34. Bxe6+ Qxe6 35. Re1 Rd4 36. Rh1 Qd7 37. Nc4 Rd3 38. Qc2 g5 39. Rxh3 g4 40.
fxg4 Qd4 41. Rh1 Qxe4+ 42. Kh2 Qf3 43. Rg1 e4 44. g5 h5 45. gxf6 Kxf6 46. Qg2
Qg4 47. Rf1+ Ke7 48. Rf4 1-0

[Event "XX C.to NATO"]
[Site "Hammelburg GER"]
[Date "2009.06.18"]
[Round "5"]
[White "Kartal, Koray"]
[Black "Benedetti, Fabrizio"]
[Result "1-0"]
[WhiteElo "1958"]
[BlackElo "2191"]
[PlyCount "81"]
[EventDate "2009.06.15"]

1. d4 d5 2. c4 e6 3. Nc3 Nf6 4. Bg5 Nbd7 5. cxd5 exd5 6. e3 c6 7. Bd3 Be7 8.
Qc2 O-O 9. Nf3 Re8 10. O-O Nf8 11. Rab1 Ne4 12. Bxe7 Qxe7 13. b4 a6 14. a4 Bg4
15. Ne5 Bf5 16. b5 axb5 17. Bxe4 dxe4 18. axb5 Ng6 19. Nxg6 hxg6 20. bxc6 bxc6
21. Na4 Kh7 22. Nc5 Rab8 23. Rxb8 Rxb8 24. Rb1 Rxb1+ 25. Qxb1 Kg8 26. Qb8+ Kh7
27. Qf4 Be6 28. Qxe4 Qa7 29. h3 Qa1+ 30. Kh2 Bd5 31. Qh4+ Kg8 32. Qd8+ Kh7 33.
Nd7 Qf1 34. Nf8+ Kg8 35. Nxg6+ Kh7 36. Nf8+ Kg8 37. Nd7+ Kh7 38. Qh4+ Kg8 39.
Qg3 Qe2 40. Nf6+ Kf8 41. Qd6# 1-0

[Event "XX C.to NATO"]
[Site "Hammelburg GER"]
[Date "2009.06.18"]
[Round "5"]
[White "Razola Garcia, Joaquin"]
[Black "Tommasini, Enzo"]
[Result "1-0"]
[WhiteElo "2106"]
[BlackElo "2171"]
[PlyCount "45"]
[EventDate "2009.06.15"]

1. d4 d5 2. c4 c6 3. Nc3 Nf6 4. Nf3 e6 5. Bg5 dxc4 6. e4 b5 7. e5 h6 8. Bh4 g5
9. exf6 gxh4 10. Ne5 Qxf6 11. Be2 h3 12. g3 Bb7 13. Bf3 Bb4 14. O-O Bxc3 15.
bxc3 a6 16. Be4 Kd8 17. f4 Qg7 18. f5 f6 19. fxe6 fxe5 20. dxe5+ Kc8 21. Qd6
Qg5 22. e7 Qe3+ 23. Rf2 1-0

[Event "XX C.to NATO"]
[Site "Hammelburg GER"]
[Date "2009.06.18"]
[Round "5"]
[White "Steffers, Hendrik"]
[Black "Donati, Roberto"]
[Result "0-1"]
[WhiteElo "1977"]
[BlackElo "2149"]
[PlyCount "102"]
[EventDate "2009.06.15"]

1. d4 Nf6 2. Nf3 d6 3. c4 g6 4. Nc3 Bg7 5. e4 O-O 6. Be2 Nbd7 7. O-O h6 8. h3
e5 9. Be3 Kh7 10. Qc2 c6 11. Rad1 Qe7 12. b4 Re8 13. d5 a6 14. a4 c5 15. b5 a5
16. Nd2 b6 17. Kh2 Rf8 18. g4 Ng8 19. Rg1 Bf6 20. Nf3 Kg7 21. Rg2 Bg5 22. Nxg5
hxg5 23. Qd2 f6 24. Rh1 Nh6 25. Kg1 Nf7 26. Rgh2 Rh8 27. f3 Bb7 28. Bd1 Rh7 29.
h4 gxh4 30. Rxh4 Rah8 31. Rxh7+ Rxh7 32. Rxh7+ Kxh7 33. Qh2+ Kg7 34. Be2 Nf8
35. Nd1 Nh7 36. Nf2 Nhg5 37. Nh3 Nxh3+ 38. Qxh3 Bc8 39. Qh4 Qd8 40. Kh2 Qh8 41.
Qxh8+ Kxh8 42. Kg3 f5 43. gxf5 gxf5 44. Bd2 Kg7 45. Kh4 Kf6 46. Kg3 Ng5 47. Bd3
fxe4 48. fxe4 Kg6 49. Be3 Bd7 50. Kf2 Nh3+ 51. Ke2 Bg4+ 0-1

[Event "XX C.to NATO"]
[Site "Hammelburg GER"]
[Date "2009.06.18"]
[Round "6"]
[White "Benedetti, Fabrizio"]
[Black "Engelen, Johan H.H.M."]
[Result "1-0"]
[WhiteElo "2191"]
[BlackElo "1981"]
[PlyCount "47"]
[EventDate "2009.06.15"]

1. e4 d5 2. exd5 Qxd5 3. Nc3 Qa5 4. d4 c6 5. Bd3 Nf6 6. h3 g6 7. Nf3 Bg7 8. Bg5
Be6 9. Qd2 Nbd7 10. O-O h6 11. Bf4 g5 12. Bg3 Nh5 13. Bh2 g4 14. hxg4 Bxg4 15.
Be2 Rd8 16. Qe3 Ndf6 17. Rfe1 Bf8 18. Ne5 Bxe2 19. Rxe2 Rg8 20. Rae1 Qb4 21.
Rd1 Rg7 22. a3 Qa5 23. b4 Qxa3 24. Nb5 1-0

[Event "XX C.to NATO"]
[Site "Hammelburg GER"]
[Date "2009.06.18"]
[Round "6"]
[White "Pazeriene, Diana"]
[Black "Donati, Roberto"]
[Result "1/2-1/2"]
[WhiteElo "2056"]
[BlackElo "2149"]
[PlyCount "71"]
[EventDate "2009.06.15"]

1. d4 Nf6 2. Nf3 d6 3. c4 g6 4. Nc3 Bg7 5. e4 O-O 6. Be2 Nbd7 7. O-O h6 8. Be3
Kh7 9. Nd2 e5 10. Rc1 Ne8 11. dxe5 dxe5 12. f3 c6 13. b4 Nc7 14. c5 Ne6 15. Nc4
Qf6 16. Nd6 Nd4 17. Bd3 b6 18. Bxd4 exd4 19. Ne2 bxc5 20. Nxc8 Rfxc8 21. bxc5
Bf8 22. f4 Bxc5 23. e5 Qe7 24. Kh1 Ba3 25. Rc2 c5 26. f5 Nxe5 27. fxg6+ fxg6
28. Nf4 Qd6 29. Rcf2 Nxd3 30. Qxd3 c4 31. Qe4 Re8 32. Qb7+ Qe7 33. Qa6 Qd6 34.
Qb7+ Qe7 35. Qa6 Qd6 36. Qb7+ 1/2-1/2

[Event "XX C.to NATO"]
[Site "Hammelburg GER"]
[Date "2009.06.18"]
[Round "6"]
[White "Karbowiak, Adam"]
[Black "Gerardi, Saverio"]
[Result "1/2-1/2"]
[WhiteElo "2217"]
[BlackElo "2187"]
[PlyCount "24"]
[EventDate "2009.06.15"]

1. Nf3 d5 2. g3 Nf6 3. Bg2 e6 4. O-O b5 5. d4 Bb7 6. Bf4 a6 7. a4 b4 8. Ne5
Nbd7 9. c4 Nxe5 10. Bxe5 c5 11. Nd2 Nd7 12. cxd5 Nxe5 1/2-1/2

[Event "XX C.to NATO"]
[Site "Hammelburg GER"]
[Date "2009.06.19"]
[Round "7"]
[White "Gerardi, Saverio"]
[Black "Razola Garcia, Joaquin"]
[Result "1-0"]
[WhiteElo "2187"]
[BlackElo "2106"]
[PlyCount "63"]
[EventDate "2009.06.15"]

1. e4 e6 2. d4 d5 3. exd5 exd5 4. Bd3 Bd6 5. Ne2 Nf6 6. Bg5 O-O 7. Nbc3 c6 8.
Ng3 Re8+ 9. Nce2 h6 10. Bd2 Qb6 11. Qc1 Qxd4 12. Be3 Qh4 13. Qd2 Ng4 14. O-O-O
Nxe3 15. fxe3 Bg4 16. Rdf1 Qg5 17. Nf4 Nd7 18. h4 Qe5 19. e4 Bc5 20. Kb1 Nf6
21. Re1 dxe4 22. Nxe4 Nxe4 23. Rxe4 Qd6 24. Qe1 Rxe4 25. Qxe4 g6 26. h5 Bf5 27.
Qf3 Bxd3 28. Nxd3 Kg7 29. Rf1 Bd4 30. Qxf7+ Kh8 31. hxg6 Bg7 32. Rh1 1-0

[Event "XX C.to NATO"]
[Site "Hammelburg GER"]
[Date "2009.06.19"]
[Round "7"]
[White "Lukjanovas, Vladas"]
[Black "Tommasini, Enzo"]
[Result "0-1"]
[WhiteElo "1902"]
[BlackElo "2171"]
[PlyCount "80"]
[EventDate "2009.06.15"]

1. Nf3 d5 2. d4 Nf6 3. c4 c6 4. Nc3 e6 5. Bg5 dxc4 6. Ne5 b5 7. a4 Bb4 8. g3 h6
9. Bd2 Qxd4 10. Nf3 Qb6 11. Bg2 Bb7 12. O-O O-O 13. Be3 Qc7 14. axb5 Bxc3 15.
bxc3 cxb5 16. Bxa7 Nc6 17. Bc5 Rfd8 18. Rxa8 Bxa8 19. Qb1 Qa5 20. e3 Nd5 21.
Bd4 f6 22. Rc1 e5 23. e4 Nxd4 24. cxd4 Nc3 25. Qc2 exd4 26. e5 Be4 27. Qd2 Bxf3
28. Bxf3 fxe5 29. Re1 b4 30. Bh5 e4 31. Bg6 Qg5 32. Qb2 Qxg6 33. Qxb4 Qc6 34.
Ra1 e3 35. fxe3 Ne2+ 36. Kf2 Rf8+ 37. Ke1 Qh1+ 38. Kd2 c3+ 39. Kxe2 Qxa1 40.
Qc4+ Kh8 0-1

[Event "XX C.to NATO"]
[Site "Hammelburg GER"]
[Date "2009.06.19"]
[Round "7"]
[White "Nielsen, Jan Mose"]
[Black "Benedetti, Fabrizio"]
[Result "1-0"]
[WhiteElo "2099"]
[BlackElo "2191"]
[PlyCount "79"]
[EventDate "2009.06.15"]

1. d4 d5 2. c4 e6 3. Nf3 Nf6 4. Nc3 Nbd7 5. Bg5 c6 6. e3 Be7 7. cxd5 exd5 8.
Qc2 O-O 9. Bd3 Re8 10. Rb1 Nf8 11. h3 Ne4 12. Bf4 Nxc3 13. Qxc3 Bd6 14. Bxd6
Qxd6 15. b4 a6 16. a4 Bd7 17. Qc5 Qh6 18. Qc2 Re7 19. Ne5 Rae8 20. Nxd7 Nxd7
21. O-O Nf6 22. b5 axb5 23. axb5 Ne4 24. bxc6 bxc6 25. Rb6 Nf6 26. Rxc6 g5 27.
Ra1 Re6 28. Bf5 g4 29. Rxe6 fxe6 30. Bxg4 Nxg4 31. hxg4 Qg5 32. Ra7 Re7 33.
Qc8+ Kf7 34. Qd8 Qf6 35. Qxe7+ Qxe7 36. Rxe7+ Kxe7 37. Kh2 Kf6 38. Kg3 e5 39.
dxe5+ Kxe5 40. Kh4 1-0

[Event "IV Torneo dei Piccoli Stati a squadre"]
[Site "La Vella AND"]
[Date "2009.06.22"]
[Round "2.1"]
[White "Van Hoolandt, Patrick"]
[Black "Grassi, Enrico"]
[Result "1/2-1/2"]
[WhiteElo "2224"]
[BlackElo "2049"]
[Annotator "SMR-MON"]
[PlyCount "81"]
[EventDate "2009.06.20"]

1. d4 Nf6 2. c4 g6 3. Nc3 d5 4. cxd5 Nxd5 5. Bd2 Bg7 6. e4 Nxc3 7. Bxc3 O-O 8.
Rc1 Nd7 9. Bc4 c5 10. Ne2 cxd4 11. Nxd4 Ne5 12. Be2 Bd7 13. O-O Qb6 14. Qd2 Nc6
15. Nb3 Bxc3 16. Qxc3 Nb4 17. Qc5 Be6 18. Nd4 Qxc5 19. Rxc5 Bxa2 20. Rc7 Rfd8
21. Nf3 Kf8 22. Rxb7 Rdb8 23. Rc7 Rc8 24. Rfc1 Rxc7 25. Rxc7 Bb1 26. Nd2 Bd3
27. Kf1 Ke8 28. f3 Kd8 29. Rc5 Rc8 30. Rxc8+ Kxc8 31. Nc4 f6 32. g3 Kc7 33.
Bxd3 Nxd3 34. Ke2 Nb4 35. Kd2 Kc6 36. Kc3 Na2+ 37. Kb3 Nc1+ 38. Kc2 Kc5 39. Ne3
Kd4 40. Nd5 Nd3 41. Nxe7 1/2-1/2

[Event "IV Torneo dei Piccoli Stati a squadre"]
[Site "La Vella AND"]
[Date "2009.06.25"]
[Round "6.1"]
[White "Aristotelous, Vassilis"]
[Black "Volpinari, Danilo"]
[Result "1/2-1/2"]
[WhiteElo "1917"]
[BlackElo "2056"]
[Annotator "SMR-CYP"]
[PlyCount "27"]
[EventDate "2009.06.20"]

1. e4 g6 2. d4 Bg7 3. Nc3 d6 4. h3 a6 5. a4 b6 6. Nf3 e6 7. Bg5 Ne7 8. Qd2 h6
9. Be3 Bb7 10. Bd3 Nd7 11. O-O g5 12. Rfe1 Ng6 13. Rad1 O-O 14. Qc1 1/2-1/2

[Event "IV Torneo dei Piccoli Stati a squadre"]
[Site "La Vella AND"]
[Date "2009.06.26"]
[Round "8.1"]
[White "Maccapani, Massimiliano"]
[Black "Cilia Vincenti, David"]
[Result "0-1"]
[WhiteElo "2113"]
[BlackElo "2094"]
[Annotator "SMR-MLT"]
[PlyCount "70"]
[EventDate "2009.06.20"]

1. c4 e5 2. Nc3 Nc6 3. g3 g6 4. Bg2 Bg7 5. e3 Nge7 6. Nge2 O-O 7. O-O f5 8. d3
d6 9. Rb1 a5 10. a3 g5 11. f4 gxf4 12. gxf4 Ng6 13. Bd2 Kh8 14. b4 axb4 15.
axb4 Nh4 16. b5 Ne7 17. d4 Rg8 18. Rf2 Bf6 19. Qf1 e4 20. Kh1 Be6 21. d5 Bf7
22. Nd1 Nxg2 23. Rxg2 Bh5 24. Rg3 Bf3+ 25. Rxf3 exf3 26. Qxf3 Ng6 27. Bc3 Nh4
28. Qh3 Bxc3 29. Ndxc3 Qe7 30. e4 fxe4 31. Nd4 Qg7 32. Ne6 Qg2+ 33. Qxg2 Rxg2
34. Nxe4 Raa2 35. N4g5 Rxh2+ 0-1

[Event "IV Torneo dei Piccoli Stati a squadre"]
[Site "La Vella AND"]
[Date "2009.06.27"]
[Round "9.1"]
[White "Hartung, Jerry"]
[Black "Maccapani, Massimiliano"]
[Result "1-0"]
[WhiteElo "2189"]
[BlackElo "2113"]
[Annotator "SMR-LUX"]
[PlyCount "46"]
[EventDate "2009.06.20"]

1. Nf3 c5 2. e4 e6 3. d4 cxd4 4. Nxd4 a6 5. Bd3 Qc7 6. O-O Nf6 7. Qe2 d6 8. Nc3
Be7 9. Be3 Nc6 10. a4 Nxd4 11. Bxd4 e5 12. Be3 b6 13. Bg5 Bb7 14. Bxf6 Bxf6 15.
Bc4 O-O 16. Bd5 g6 17. Rfd1 Rfd8 18. Rd3 Bg7 19. Rad1 Bf8 20. h4 Bxd5 21. Nxd5
Qb7 22. Rb3 b5 23. axb5 a5 1-0

[Event "V Festival A"]
[Site "Livorno ITA"]
[Date "2009.06.26"]
[Round "1"]
[White "Onesti, Luca"]
[Black "Martinez, Rolly"]
[Result "0-1"]
[WhiteElo "1970"]
[BlackElo "2419"]
[PlyCount "96"]
[EventDate "2009.06.26"]

1. e4 c5 2. Nf3 Nc6 3. d4 cxd4 4. Nxd4 Nf6 5. Nc3 d6 6. Be2 e5 7. Nb3 Be7 8.
Be3 O-O 9. Qd2 Be6 10. O-O a5 11. a4 Nb4 12. f3 d5 13. exd5 Nfxd5 14. Bf2 Bg5
15. Qd1 Nxc3 16. bxc3 Nd5 17. Qe1 Ne3 18. Bxe3 Bxe3+ 19. Kh1 Qg5 20. Bd3 f5 21.
Rd1 Rf6 22. Nd2 Rh6 23. g3 Rc8 24. f4 Bd5+ 25. Nf3 Qh5 26. Qe2 e4 27. Qxe3 exf3
28. Rf2 Qxh2+ 29. Rxh2 f2+ 30. Be4 Bxe4+ 31. Qxe4 Rxh2+ 32. Kxh2 fxe4 33. Kg2
e3 34. Kf1 Rxc3 35. Ke2 h5 36. Rb1 Kh7 37. Rd1 Kg6 38. Kf3 Kf5 39. Rd5+ Ke6 40.
Rd1 Rxc2 41. Kxe3 Ra2 42. Rb1 g6 43. Kf3 f1=Q+ 44. Rxf1 Ra3+ 45. Kg2 Rxa4 46.
Re1+ Kf6 47. Re5 b6 48. Rb5 Rb4 0-1

[Event "V Festival A"]
[Site "Livorno ITA"]
[Date "2009.06.26"]
[Round "1"]
[White "Pepino, Enrico"]
[Black "Mazzetta, Renato"]
[Result "0-1"]
[WhiteElo "2148"]
[BlackElo "1907"]
[PlyCount "81"]
[EventDate "2009.06.26"]

1. e4 d5 2. exd5 Qxd5 3. Nc3 Qd6 4. d4 Nf6 5. Nf3 Bg4 6. Be2 c6 7. Be3 e6 8.
Qd2 Qc7 9. h3 Bxf3 10. Bxf3 Nbd7 11. O-O Bd6 12. Rfe1 O-O 13. Rad1 Nd5 14. Nxd5
exd5 15. g3 f5 16. Bg5 Nf6 17. Bxf6 Rxf6 18. Re2 Raf8 19. Rde1 Rh6 20. Kg2 Qd8
21. Re6 Rxe6 22. Rxe6 Re8 23. Qe2 Kf7 24. Rxe8 Qxe8 25. Qd3 Qe6 26. b3 b5 27.
Qd2 Bc7 28. c4 bxc4 29. bxc4 Qd6 30. cxd5 cxd5 31. Qc2 Ke6 32. Qe2+ Kf7 33. Qb5
Ke6 34. Qe8+ Kf6 35. Qa8 Bb6 36. Bxd5 Bxd4 37. Qg8 Qd7 38. Qf8+ Kg6 39. Bf3 Qe6
40. Qd8 Bb6 41. h4 0-1

[Event "V Festival A"]
[Site "Livorno ITA"]
[Date "2009.06.27"]
[Round "2"]
[White "Mazzetta, Renato"]
[Black "Gallucci, Alessio"]
[Result "0-1"]
[WhiteElo "1907"]
[BlackElo "2240"]
[PlyCount "64"]
[EventDate "2009.06.26"]

1. e4 c5 2. Nc3 Nc6 3. g3 g6 4. Bg2 Bg7 5. d3 d6 6. Nge2 e6 7. O-O Nge7 8. h3
O-O 9. f4 Rb8 10. g4 f5 11. gxf5 exf5 12. Ng3 Nd4 13. Nce2 b5 14. c3 Nxe2+ 15.
Qxe2 b4 16. Bd2 Ba6 17. exf5 Nxf5 18. Nxf5 Rxf5 19. Be4 Rh5 20. Bd5+ Kh8 21.
Qf3 Qh4 22. Be6 Bb7 23. Qg4 Qf6 24. Rae1 Ba6 25. Rf3 Re8 26. f5 Bb7 27. Rg3 Rh4
28. Qg5 bxc3 29. Qxf6 cxd2 30. Qxg7+ Kxg7 31. Rd1 Kf6 32. Rxd2 gxf5 0-1

[Event "V Festival A"]
[Site "Livorno ITA"]
[Date "2009.06.??"]
[Round "2"]
[White "Salerno, Francesco"]
[Black "Evangelisti, Claudio R."]
[Result "0-1"]
[WhiteElo "2000"]
[BlackElo "2260"]
[PlyCount "38"]
[EventDate "2009.06.26"]

1. d4 Nf6 2. c4 e6 3. Nf3 Bb4+ 4. Bd2 c5 5. g3 O-O 6. Bg2 b6 7. Bxb4 cxb4 8.
Ne5 d5 9. O-O Bb7 10. Qa4 a5 11. Nd2 Ne4 12. Rfd1 Qe7 13. Rac1 f6 14. Nd3 Nxd2
15. Rxd2 dxc4 16. Rxc4 Bxg2 17. Kxg2 Qb7+ 18. f3 b5 19. Nc5 Qc6 0-1

[Event "V Festival A"]
[Site "Livorno ITA"]
[Date "2009.06.27"]
[Round "3"]
[White "Franceschi, Riccardo"]
[Black "Mazzetta, Renato"]
[Result "1-0"]
[WhiteElo "2116"]
[BlackElo "1907"]
[PlyCount "83"]
[EventDate "2009.06.26"]

1. e4 d5 2. exd5 Qxd5 3. Nc3 Qd6 4. d4 Nf6 5. Nf3 Bg4 6. Be2 c6 7. Be3 e6 8.
O-O Qc7 9. h3 Bh5 10. Ne5 Bxe2 11. Qxe2 Bd6 12. Nc4 Be7 13. Qf3 O-O 14. Bf4 Qd8
15. Rad1 Na6 16. Rfe1 Nb4 17. Ne3 Nfd5 18. Ncxd5 Nxd5 19. Be5 Nxe3 20. Qxe3 Bd6
21. Rd3 Re8 22. Red1 Qe7 23. Qg3 Bxe5 24. dxe5 Rad8 25. Qe3 b6 26. Rd6 Kf8 27.
Qe4 Rxd6 28. exd6 Qd7 29. Qxh7 f6 30. h4 e5 31. h5 Qg4 32. f3 Qg5 33. Qe4 Qxh5
34. Qxc6 Qf7 35. c4 Rd8 36. b4 Qe6 37. c5 bxc5 38. bxc5 Kf7 39. Qa4 Rd7 40. Qb3
f5 41. c6 Rd8 42. c7 1-0

[Event "V Festival A"]
[Site "Livorno ITA"]
[Date "2009.06.27"]
[Round "3"]
[White "Gallucci, Alessio"]
[Black "Collutiis, Duilio"]
[Result "0-1"]
[WhiteElo "2240"]
[BlackElo "2451"]
[PlyCount "84"]
[EventDate "2009.06.26"]

1. e4 c5 2. Nf3 Nc6 3. d4 cxd4 4. Nxd4 Nf6 5. Nc3 d6 6. Bg5 e6 7. Qd2 a6 8.
O-O-O Bd7 9. f4 b5 10. a3 Be7 11. f5 Ne5 12. fxe6 fxe6 13. Nf3 Qc7 14. Kb1 Nf7
15. Bh4 Bc6 16. Bd3 O-O 17. Bg3 Ng4 18. Ne2 Nge5 19. Rhf1 Bf6 20. Nf4 Rfe8 21.
Nh5 Be7 22. Qf2 Rf8 23. Bh4 Ng6 24. Bxe7 Qxe7 25. Qd2 Nfe5 26. Ng3 Kh8 27. Ne2
Rfb8 28. Ned4 Bd7 29. Nxe5 Nxe5 30. Nf3 Rd8 31. Qf2 Nxf3 32. gxf3 e5 33. f4
exf4 34. Qxf4 Be6 35. e5 dxe5 36. Qe4 Bg8 37. Rf5 Re8 38. Rh5 h6 39. Rg1 Rad8
40. Qg6 Rd6 41. Qe4 Qf7 42. Rgg5 Qf1+ 0-1

[Event "V Festival A"]
[Site "Livorno ITA"]
[Date "2009.06.28"]
[Round "4"]
[White "Collutiis, Duilio"]
[Black "Okhotnik, Vladimir"]
[Result "1-0"]
[WhiteElo "2451"]
[BlackElo "2451"]
[PlyCount "67"]
[EventDate "2009.06.26"]

1. Nf3 c5 2. e4 Nf6 3. d3 d5 4. Nbd2 Nc6 5. g3 dxe4 6. dxe4 b6 7. c3 e6 8. Bb5
Bd7 9. Qe2 Ng4 10. O-O h5 11. Rd1 Qc7 12. Nc4 Rd8 13. h3 h4 14. hxg4 hxg3 15.
Kg2 gxf2 16. Qxf2 a6 17. Bxa6 Nb8 18. Rxd7 Nxd7 19. Bb5 f6 20. Be3 Qb7 21. Qc2
Ke7 22. a4 Kf7 23. Rd1 Be7 24. Rxd7 Rxd7 25. Bxd7 Rd8 26. Bb5 Kg8 27. Ncd2 Bd6
28. Bc4 Kf7 29. Qb3 Qe7 30. e5 Bc7 31. Ne4 Kf8 32. Bxe6 Re8 33. Bc4 Bxe5 34.
Nh4 1-0

[Event "V Festival A"]
[Site "Livorno ITA"]
[Date "2009.06.28"]
[Round "4"]
[White "Mazzetta, Renato"]
[Black "Boschi, Massimiliano"]
[Result "1/2-1/2"]
[WhiteElo "1907"]
[BlackElo "1836"]
[PlyCount "54"]
[EventDate "2009.06.26"]

1. e4 e5 2. Nc3 Nf6 3. g3 d5 4. exd5 Nxd5 5. Bg2 Nxc3 6. bxc3 Nc6 7. Qe2 Bd6 8.
Nf3 O-O 9. O-O Re8 10. d3 Bg4 11. Qe4 Qd7 12. Qa4 Rad8 13. Nd2 Bc5 14. Ne4 Bb6
15. Ba3 Qf5 16. Rab1 Be2 17. Rfe1 Bf3 18. Bc5 Rd5 19. Bxb6 axb6 20. Rb5 Rdd8
21. Re3 Bxg2 22. Kxg2 Ra8 23. Qb3 Qe6 24. Ng5 Qxb3 25. axb3 f6 26. Nf3 Kf7 27.
d4 exd4 1/2-1/2

[Event "V Festival A"]
[Site "Livorno ITA"]
[Date "2009.06.28"]
[Round "4"]
[White "Salami, Marco"]
[Black "Evangelisti, Claudio R."]
[Result "0-1"]
[WhiteElo "2165"]
[BlackElo "2260"]
[PlyCount "96"]
[EventDate "2009.06.26"]

1. d4 Nf6 2. Nf3 e6 3. e3 c5 4. Bd3 b6 5. O-O Bb7 6. b3 Nc6 7. Bb2 Qc7 8. a3
Be7 9. c4 cxd4 10. exd4 d5 11. Ne5 dxc4 12. bxc4 Rd8 13. Nxc6 Qxc6 14. f3 O-O
15. Qc2 Rd7 16. Nc3 h6 17. Ne4 Rc8 18. Qe2 Rdc7 19. Rac1 Qa4 20. Rfe1 Ba6 21.
d5 exd5 22. Nxf6+ Bxf6 23. Bxf6 gxf6 24. Qe3 Kg7 25. Qf4 Bxc4 26. Bf5 Qxa3 27.
Qg4+ Kh8 28. Qh4 Qc5+ 29. Kh1 Qf8 30. Bxc8 Rxc8 31. Qxf6+ Qg7 32. Qf5 Rg8 33.
Qh3 Rd8 34. Re7 Qg5 35. Rce1 d4 36. R1e5 Qf6 37. Rf5 Qg6 38. Rfe5 Kg7 39. Re1
d3 40. Qh4 d2 41. Qxc4 dxe1=Q+ 42. Rxe1 Qe6 43. Qc3+ Qf6 44. Qb4 Rd4 45. Qa3 a5
46. h3 Rb4 47. Qe3 Ra4 48. Kh2 Qf4+ 0-1

[Event "V Festival A"]
[Site "Livorno ITA"]
[Date "2009.06.28"]
[Round "5"]
[White "Bernardini, Luca"]
[Black "Salami, Marco"]
[Result "0-1"]
[WhiteElo "1898"]
[BlackElo "2165"]
[PlyCount "126"]
[EventDate "2009.06.26"]

1. e4 e6 2. d4 d5 3. e5 Qd7 4. Bd3 b6 5. Nf3 Ba6 6. O-O c5 7. c3 Bxd3 8. Qxd3
Nc6 9. a3 c4 10. Qd1 Na5 11. Nbd2 Ne7 12. Ne1 h5 13. Nc2 Qa4 14. Ne3 Qxd1 15.
Rxd1 Ng6 16. g3 f6 17. f4 f5 18. b3 cxb3 19. Rb1 Rc8 20. Nxb3 Nc4 21. Nxc4 Rxc4
22. Bb2 Ra4 23. Nd2 b5 24. Bc1 a6 25. Ra1 Be7 26. Bb2 Nf8 27. h4 Nd7 28. Kf2
Nb6 29. Rdb1 Kd7 30. Ke2 Rc8 31. Kd1 Nc4 32. Nxc4 Raxc4 33. Kd2 Bd8 34. Rc1 Ba5
35. Kd3 R8c6 36. Rab1 Bb6 37. Ra1 Bd8 38. Rab1 Ra4 39. Ra1 Be7 40. Rcb1 Bd8 41.
Rc1 Be7 42. Rcb1 Kc7 43. Rc1 Kb6 44. Rcb1 Ka5 45. Rc1 Rac4 46. Rcb1 Ka4 47. Rc1
Bd8 48. Rab1 Ba5 49. Ra1 Rc8 50. Rab1 Rh8 51. Rg1 Rh6 52. Rgc1 Rg6 53. Rg1 Bb6
54. Rbc1 Rg4 55. Rb1 Bd8 56. Rbf1 Be7 57. Ra1 Rc8 58. Kd2 Rh8 59. Ke3 Rh6 60.
Ke2 Rhg6 61. Kf2 Kb3 62. Bc1 Bxh4 63. Rb1+ Ka4 0-1